College algebra : (Record no. 2117)
[ view plain ]
| 000 -LEADER | |
|---|---|
| fixed length control field | 00764nam a22002417a 4500 |
| 005 - DATE AND TIME OF LATEST TRANSACTION | |
| control field | 20230512221545.0 |
| 008 - FIXED-LENGTH DATA ELEMENTS--GENERAL INFORMATION | |
| fixed length control field | 180227t xxu||||| |||| 00| 0 eng d |
| 020 ## - INTERNATIONAL STANDARD BOOK NUMBER | |
| International Standard Book Number | 9710865781 |
| 040 ## - CATALOGING SOURCE | |
| Transcribing agency | CSPC |
| 082 0# - DEWEY DECIMAL CLASSIFICATION NUMBER | |
| Classification number | 512.00176 |
| Item number | Am11c |
| 100 ## - MAIN ENTRY--PERSONAL NAME | |
| Personal name | Amacio, Leonor T., |
| Relator term | author. |
| 245 00 - TITLE STATEMENT | |
| Title | College algebra : |
| Remainder of title | worktext / |
| Statement of responsibility, etc. | Leonor T. Amacio |
| 250 ## - EDITION STATEMENT | |
| Edition statement | 2nd |
| Remainder of edition statement | Edition. |
| 260 ## - PUBLICATION, DISTRIBUTION, ETC. | |
| Place of publication, distribution, etc. | Mandaluyong City : |
| Name of publisher, distributor, etc. | National Book Store. |
| Date of publication, distribution, etc. | 2005. |
| 300 ## - PHYSICAL DESCRIPTION | |
| Extent | 411 pages : |
| Other physical details | graphs, figures ; |
| Dimensions | 26 cm. |
| 650 10 - SUBJECT ADDED ENTRY--TOPICAL TERM | |
| Topical term or geographic name entry element | Algebra. |
| 700 1# - ADDED ENTRY--PERSONAL NAME | |
| Personal name | Mercado, Edna T., |
| Relator term | author. |
| 700 1# - ADDED ENTRY--PERSONAL NAME | |
| Personal name | Silveo, Rebecca U., |
| Relator term | author. |
| 940 ## - EQUIVALENCE OR CROSS-REFERENCE--UNIFORM TITLE [OBSOLETE] [CAN/MARC only] | |
| Uniform title | <a href="Mar">Mar</a> |
| 942 ## - ADDED ENTRY ELEMENTS (KOHA) | |
| Koha item type | |
| -- | FIL 512.00176 Am11c 2005 |
| Withdrawn status | Lost status | Damaged status | Not for loan | Home library | Current library | Shelving location | Date acquired | Total Checkouts | Full call number | Barcode | Date last seen | Date last checked out | Copy number | Price effective from | Koha item type |
|---|---|---|---|---|---|---|---|---|---|---|---|---|---|---|---|
| Main Library | Main Library | Filipiniana Section | 05/12/2023 | 1 | FIL 512.00176 Am11c 2007 (Reprint) | FIL 512.00176 Am11c 2005 | 008659 | 09/30/2025 | 08/27/2025 | 1-4 | 05/12/2023 | Books | ||||
| Main Library | Main Library | Filipiniana Section | 05/12/2023 | FIL 512.00176 Am11c 2007 (Reprint) | FIL 512.00176 Am11c 2005 | 008660 | 05/12/2023 | 2-4 | 05/12/2023 | Books | ||||||
| Main Library | Main Library | Filipiniana Section | 05/12/2023 | FIL 512.00176 Am11c 2007 (Reprint) | FIL 512.00176 Am11c 2005 | 008661 | 05/12/2023 | 3-4 | 05/12/2023 | Books | ||||||
| Main Library | Main Library | Filipiniana Section | 05/12/2023 | FIL 512.00176 Am11c 2007 (Reprint) | FIL 512.00176 Am11c 2005 | 008662 | 05/12/2023 | 4-4 | 05/12/2023 | Books |